[Event "Santa Rosa Villarreal Memorial 29th"]
[Site "Santa Rosa"]
[Date "2023.12.10"]
[Round "6"]
[White "Gimenez Aguirre, Ismael Alejo"]
[Black "Ripari, Marcelo"]
[Result "1-0"]
[WhiteElo "2185"]
[BlackElo "2203"]
[PlyCount "53"]
[EventDate "2023.12.08"]
[EventType "swiss"]
[EventRounds "7"]
[EventCountry "ARG"]
[SourceTitle "CB51_2023"]
[SourceDate "2023.12.20"]
[SourceVersion "1"]
[SourceVersionDate "2023.12.20"]
[SourceQuality "1"]

1. e4 c5 2. Nf3 e6 3. d4 cxd4 4. Nxd4 Nf6 5. Bd3 e5 6. Nb3 Be7 7. Nc3 d6 8. Qe2 Nc6 9. Be3 0-0 10. f3 Be6 11. 0-0-0 Qc7 12. g4 Nb4 13. g5 Nd7 14. Kb1 Rfc8 15. h4 a5 16. a3 Nxd3 17. Qxd3 Bc4 18. Qd2 b5 19. Nd5 Bxd5 20. exd5 b4 21. a4 Bf8 22. Qd3 Nb6 23. Bxb6 Qxb6 24. h5 Qa6 25. Qf5 g6 26. hxg6 hxg6 27. Rh8+ 1-0

[Event "Santa Rosa Villarreal Memorial 29th"]
[Site "Santa Rosa"]
[Date "2023.12.09"]
[Round "4"]
[White "Gimenez Aguirre, Ismael Alejo"]
[Black "Cabral, Matias Andres"]
[Result "1-0"]
[WhiteElo "2185"]
[BlackElo "2052"]
[PlyCount "61"]
[EventDate "2023.12.08"]
[EventType "swiss"]
[EventRounds "7"]
[EventCountry "ARG"]
[SourceTitle "CB51_2023"]
[SourceDate "2023.12.20"]
[SourceVersion "1"]
[SourceVersionDate "2023.12.20"]
[SourceQuality "1"]

1. e4 d6 2. d4 Nf6 3. Nc3 g6 4. f3 c6 5. Be3 Nbd7 6. Nge2 b5 7. g4 Nb6 8. Ng3 b4 9. Nb1 a5 10. a3 h5 11. g5 h4 12. Ne2 Nfd7 13. Nd2 Bb7 14. Bh3 e6 15. 0-0 Be7 16. f4 e5 17. Nf3 Nc4 18. Bc1 c5 19. b3 Nxa3 20. fxe5 Bxe4 21. e6 fxe6 22. Bxe6 Nf8 23. Nf4 Nxe6 24. Nxe6 Qc8 25. d5 Nb5 26. Bb2 Nc3 27. Qe1 Bxd5 28. Bxc3 bxc3 29. Qxc3 Kd7 30. Nf4 Be6 31. Rae1 1-0

[Event "Santa Rosa Villarreal Memorial 29th"]
[Site "Santa Rosa"]
[Date "2023.12.08"]
[Round "2"]
[White "Gimenez Aguirre, Ismael Alejo"]
[Black "Lucero, Marzo Daniel"]
[Result "1-0"]
[WhiteElo "2185"]
[BlackElo "1922"]
[PlyCount "71"]
[EventDate "2023.12.08"]
[EventType "swiss"]
[EventRounds "7"]
[EventCountry "ARG"]
[SourceTitle "CB51_2023"]
[SourceDate "2023.12.20"]
[SourceVersion "1"]
[SourceVersionDate "2023.12.20"]
[SourceQuality "1"]

1. e4 e5 2. Nf3 Nc6 3. Bb5 Nf6 4. 0-0 Nxe4 5. d4 Nd6 6. Bxc6 dxc6 7. dxe5 Nf5 8. Qe2 Nd4 9. Nxd4 Qxd4 10. Rd1 Bg4 11. Rxd4 Bxe2 12. Nc3 Ba6 13. Bg5 h6 14. Bh4 Bc5 15. Rd2 Bb4 16. Rad1 g5 17. Bg3 Bxc3 18. bxc3 Bc4 19. a3 Be6 20. f4 Ke7 21. Rf1 Rad8 22. Be1 Bc4 23. Rff2 c5 24. f5 c6 25. h4 Rxd2 26. Bxd2 f6 27. e6 b6 28. Kh2 Kd6 29. g4 Ke7 30. Kg3 Kf8 31. Be3 Ke7 32. Rh2 Ra8 33. hxg5 hxg5 34. Rh7+ Kd6 35. Bg1 Be2 36. Bh2 1-0

[Event "Titled Tuesday intern op 19th Sep Late"]
[Site "Chess.com INT"]
[Date "2023.09.19"]
[Round "2"]
[White "Gimenez Aguirre, Ismael Alejo"]
[Black "Hansen, Eric"]
[Result "0-1"]
[WhiteElo "2148"]
[BlackElo "2609"]
[PlyCount "84"]
[EventDate "2023.09.19"]
[EventType "swiss (blitz)"]
[EventRounds "11"]
[EventCountry "USA"]
[SourceTitle "EXT 2024"]
[Source "ChessBase"]
[SourceDate "2023.10.10"]
[SourceVersion "1"]
[SourceVersionDate "2023.10.10"]
[SourceQuality "1"]

1. e4 e5 2. Nf3 Nc6 3. Bb5 a6 4. Ba4 Nf6 5. 0-0 Be7 6. Re1 b5 7. Bb3 d6 8. c3 0-0 9. h3 Na5 10. Bc2 c5 11. d4 Qc7 12. d5 Nd7 13. a4 Nb6 14. axb5 axb5 15. Nbd2 c4 16. Nf1 Bd7 17. Be3 Na4 18. Ra2 Nc5 19. N3d2 Rfb8 20. Qe2 Ncb3 21. Rb1 g6 22. Qd1 b4 23. Nxb3 cxb3 24. Bxb3 bxc3 25. bxc3 Qxc3 26. Bd2 Qd4 27. Bc2 Nc4 28. Rxa8 Rxa8 29. Bc1 Qc5 30. Ne3 Bh4 31. Bd3 Nb6 32. Bd2 Na4 33. Ra1 Qd4 34. Bf1 Rc8 35. f3 Bg5 36. Qe1 Rc2 37. Ra3 Rxd2 38. Kh1 Nb2 39. Rb3 Kg7 40. h4 Bxe3 41. Rxe3 Rd1 42. Qf2 Rxf1+ 0-1

[Event "Titled Tuesday intern op 05th Sep Late"]
[Site "Chess.com INT"]
[Date "2023.09.05"]
[Round "6"]
[White "Gimenez Aguirre, Ismael Alejo"]
[Black "Nilsen, Tobias Lang"]
[Result "0-1"]
[WhiteElo "2148"]
[BlackElo "2219"]
[PlyCount "76"]
[EventDate "2023.09.05"]
[EventType "swiss (blitz)"]
[EventRounds "11"]
[EventCountry "USA"]
[SourceTitle "EXT 2024"]
[Source "ChessBase"]
[SourceDate "2023.10.10"]
[SourceVersion "1"]
[SourceVersionDate "2023.10.10"]
[SourceQuality "1"]

1. e4 e6 2. d4 d5 3. Nd2 a6 4. Ngf3 Nf6 5. Bd3 c5 6. exd5 exd5 7. 0-0 Be7 8. Re1 0-0 9. h3 Nc6 10. c3 h6 11. dxc5 Bxc5 12. Nb3 Bb6 13. Be3 Bc7 14. Bc5 Re8 15. Rxe8+ Qxe8 16. Qd2 Ne4 17. Qc2 Nxc5 18. Nxc5 Qe7 19. Nb3 Bd7 20. Re1 Qd6 21. Bh7+ Kh8 22. Bf5 Bb6 23. Bxd7 Qxd7 24. Qd3 Rd8 25. Ne5 Qe6 26. Nf3 Qf6 27. Nbd2 d4 28. Ne4 Qf4 29. cxd4 Nxd4 30. Nxd4 Rxd4 31. Qe2 f5 32. Nc3 Rd2 33. Qe8+ Kh7 34. Re2 Bxf2+ 35. Kh1 Bg3 36. Kg1 Qd4+ 37. Qe3 Rd1+ 38. Nxd1 Qxd1+ 0-1

[Event "Titled Tuesday intern op 05th Sep Late"]
[Site "Chess.com INT"]
[Date "2023.09.05"]
[Round "4"]
[White "Grave, Jacob Templen"]
[Black "Gimenez Aguirre, Ismael Alejo"]
[Result "1-0"]
[WhiteElo "2285"]
[BlackElo "2148"]
[PlyCount "107"]
[EventDate "2023.09.05"]
[EventType "swiss (blitz)"]
[EventRounds "11"]
[EventCountry "USA"]
[SourceTitle "EXT 2024"]
[Source "ChessBase"]
[SourceDate "2023.10.10"]
[SourceVersion "1"]
[SourceVersionDate "2023.10.10"]
[SourceQuality "1"]

1. e4 c5 2. c3 g6 3. d4 cxd4 4. cxd4 d5 5. e5 Bg7 6. Nc3 Nc6 7. Nf3 Nh6 8. h3 0-0 9. Be2 Bf5 10. 0-0 Be4 11. Ng5 Bf5 12. Nf3 Rc8 13. Be3 Be4 14. Ng5 Bf5 15. Rc1 f6 16. exf6 exf6 17. Nf3 Nf7 18. Qb3 Be4 19. Qxb7 Nd6 20. Qb3 Rb8 21. Qa3 Qd7 22. Nxe4 Nxe4 23. b3 Rfc8 24. Rc2 f5 25. Rfc1 Bf8 26. Qa4 Rb4 27. Qa6 Rb6 28. Qa4 Bd6 29. Bb5 f4 30. Bxc6 Rcxc6 31. Rxc6 Rxc6 32. Qxc6 Qxc6 33. Rxc6 fxe3 34. fxe3 Ba3 35. Kf1 Bb4 36. Ke2 Ng3+ 37. Kd3 a5 38. Ne5 Ne4 39. Rc8+ Kg7 40. Rc7+ Kg8 41. Rd7 Nf2+ 42. Ke2 Ne4 43. Kf3 Ng5+ 44. Ke2 Ne4 45. Kd1 g5 46. Kc2 Nf6 47. Ra7 h5 48. Nc6 Be1 49. Nxa5 g4 50. hxg4 Nxg4 51. Kd3 Nf2+ 52. Ke2 Bxa5 53. Kxf2 Bb6 54. Rd7 1-0

[Event "Titled Tuesday intern op 05th Sep Late"]
[Site "Chess.com INT"]
[Date "2023.09.05"]
[Round "1"]
[White "Petrova, Irina"]
[Black "Gimenez Aguirre, Ismael Alejo"]
[Result "0-1"]
[WhiteElo "2108"]
[BlackElo "2148"]
[PlyCount "92"]
[EventDate "2023.09.05"]
[EventType "swiss (blitz)"]
[EventRounds "11"]
[EventCountry "USA"]
[SourceTitle "EXT 2024"]
[Source "ChessBase"]
[SourceDate "2023.10.10"]
[SourceVersion "1"]
[SourceVersionDate "2023.10.10"]
[SourceQuality "1"]

1. e4 c5 2. Nf3 g6 3. c3 Bg7 4. d4 cxd4 5. cxd4 d5 6. e5 Nc6 7. Be3 Bg4 8. Nbd2 e6 9. Be2 Nge7 10. h3 Bxf3 11. Nxf3 0-0 12. 0-0 Qb6 13. Qd2 Nf5 14. Rfc1 Rac8 15. b3 Rc7 16. g4 Nxe3 17. fxe3 Rfc8 18. Rc2 Nxe5 19. Rxc7 Nxf3+ 20. Bxf3 Qxc7 21. Kg2 Bh6 22. Re1 Qc2 23. Qf2 Bg5 24. Re2 Qb1 25. Re1 Rc1 26. Kf1 Rxe1+ 27. Qxe1 Qxe1+ 28. Kxe1 Bxe3 29. Ke2 Bxd4 30. Kd3 Bb6 31. Be2 Kf8 32. Kd2 Ke7 33. Bb5 a6 34. Bd3 e5 35. Be2 Kd6 36. Bf1 e4 37. Bg2 Ke5 38. Ke2 f5 39. gxf5 gxf5 40. h4 d4 41. Bh3 d3+ 42. Kd2 f4 43. Bg4 Ba5+ 44. Kd1 Kd4 45. Bf5 e3 46. Bxh7 e2+ 0-1

[Event "Titled Tuesday intern op 29th Aug Early"]
[Site "Chess.com INT"]
[Date "2023.08.29"]
[Round "2"]
[White "Chigaev, Maksim"]
[Black "Gimenez Aguirre, Ismael Alejo"]
[Result "1-0"]
[WhiteElo "2616"]
[BlackElo "2185"]
[PlyCount "59"]
[EventDate "2023.08.29"]
[EventType "swiss (blitz)"]
[EventRounds "11"]
[EventCountry "USA"]
[SourceTitle "EXT 2024"]
[Source "ChessBase"]
[SourceDate "2023.10.10"]
[SourceVersion "1"]
[SourceVersionDate "2023.10.10"]
[SourceQuality "1"]

1. e4 c5 2. b4 cxb4 3. a3 bxa3 4. d4 d5 5. exd5 Nf6 6. Nf3 Nxd5 7. c4 Nf6 8. Be2 e6 9. 0-0 Bd6 10. Nxa3 a6 11. Nb5 Nc6 12. Nxd6+ Qxd6 13. Ba3 Qc7 14. d5 Ne5 15. Nxe5 Qxe5 16. Re1 Bd7 17. Bf3 Qc7 18. Qd4 Rc8 19. Rac1 h5 20. h3 Rh6 21. c5 Bb5 22. dxe6 fxe6 23. Rxe6+ Kf7 24. Rce1 Re8 25. Rxe8 Nxe8 26. Bd5+ Kg6 27. Qe4+ Kg5 28. Bc1+ Kf6 29. Bb2+ Kg5 30. h4# 1-0

[Event "Titled Tuesday intern op 29th Aug Early"]
[Site "Chess.com INT"]
[Date "2023.08.29"]
[Round "6"]
[White "Rangel, Daniel"]
[Black "Gimenez Aguirre, Ismael Alejo"]
[Result "0-1"]
[WhiteElo "2199"]
[BlackElo "2185"]
[PlyCount "48"]
[EventDate "2023.08.29"]
[EventType "swiss (blitz)"]
[EventRounds "11"]
[EventCountry "USA"]
[SourceTitle "EXT 2024"]
[Source "ChessBase"]
[SourceDate "2023.10.10"]
[SourceVersion "1"]
[SourceVersionDate "2023.10.10"]
[SourceQuality "1"]

1. c4 e5 2. g3 Nc6 3. Bg2 Bc5 4. e3 a6 5. Ne2 Ba7 6. 0-0 d6 7. b3 h5 8. d4 h4 9. Nbc3 hxg3 10. hxg3 Qg5 11. Nd5 Qh6 12. Re1 Qh2+ 13. Kf1 Bh3 14. Nef4 exf4 15. exf4+ Kd8 16. Bxh3 Qxh3+ 17. Ke2 Nxd4+ 18. Kd3 Qf5+ 19. Kc3 Rh2 20. Be3 c5 21. Kb2 Nf6 22. Bxd4 cxd4 23. Ne7 Rxf2+ 24. Ka3 Qa5# 0-1

[Event "Titled Tuesday intern op 29th Aug Early"]
[Site "Chess.com INT"]
[Date "2023.08.29"]
[Round "1"]
[White "Sovetbekova, Nurai"]
[Black "Gimenez Aguirre, Ismael Alejo"]
[Result "0-1"]
[WhiteElo "1803"]
[BlackElo "2185"]
[PlyCount "220"]
[EventDate "2023.08.29"]
[EventType "swiss (blitz)"]
[EventRounds "11"]
[EventCountry "USA"]
[SourceTitle "EXT 2024"]
[Source "ChessBase"]
[SourceDate "2023.10.10"]
[SourceVersion "1"]
[SourceVersionDate "2023.10.10"]
[SourceQuality "1"]

1. d4 Nf6 2. c4 e6 3. Nc3 Bb4 4. Qc2 0-0 5. a3 Bxc3+ 6. Qxc3 d5 7. Nf3 c5 8. cxd5 cxd4 9. Qxd4 Nxd5 10. e3 Nc6 11. Qd1 Qf6 12. Bd3 Rd8 13. Qe2 b6 14. 0-0 Bb7 15. e4 Nf4 16. Bxf4 Qxf4 17. Rfd1 Nd4 18. Nxd4 Rxd4 19. Bc2 Rad8 20. Rxd4 Rxd4 21. Rd1 Rxd1+ 22. Qxd1 g6 23. h3 e5 24. f3 Ba6 25. Bb3 Qe3+ 26. Kh1 Kg7 27. Qd5 Qc1+ 28. Kh2 Qf4+ 29. Kh1 Be2 30. Ba2 h5 31. Qb3 b5 32. Qc2 Qe3 33. b4 Bf1 34. Qc7 Bxg2+ 35. Kxg2 Qe2+ 36. Kg1 Qxa2 37. Qxe5+ Kh7 38. Qxb5 Qxa3 39. Kg2 Qb2+ 40. Kg3 Qf6 41. Qd5 h4+ 42. Kg2 Kg7 43. e5 Qg5+ 44. Kf2 Qg3+ 45. Ke2 Qxh3 46. Qd4 Qg2+ 47. Ke1 Qg3+ 48. Ke2 Kg8 49. Qd8+ Kh7 50. Qe7 Qh2+ 51. Ke3 Qg1+ 52. Ke2 h3 53. Qxf7+ Kh6 54. Qf8+ Kg5 55. Qf6+ Kh5 56. Qh8+ Kg5 57. Qf6+ Kh6 58. Qh8+ Kg5 59. Qxh3 Qb1 60. Qg4+ Kh6 61. Qh4+ Kg7 62. Qe7+ Kh6 63. Qc5 a6 64. Qe3+ Kg7 65. Qa7+ Kh6 66. Qc5 Qa2+ 67. Ke3 g5 68. Qd6+ Kh5 69. e6 Qb3+ 70. Ke4 Qc2+ 71. Ke3 Qc3+ 72. Ke4 Qe1+ 73. Kf5 Qb1+ 74. Kf6 Qg6+ 75. Ke5 Qg7+ 76. Kd5 Qg8 77. Kc6 Qa8+ 78. Kc5 Qxf3 79. e7 Qc3+ 80. Kd5 Qd3+ 81. Kc6 Qb5+ 82. Kc7 g4 83. Qh2+ Kg5 84. Qd6 Kh4 85. Qc5 Qe8 86. Kd6 g3 87. Qd4+ Kh3 88. Qd3 Kh2 89. Qh7+ Kg1 90. Qc2 g2 91. Qd1+ Kh2 92. Qe2 Qb8+ 93. Kd7 Qb7+ 94. Kd8 Qb6+ 95. Kd7 Qd4+ 96. Kc8 Qc3+ 97. Kd8 Qf6 98. Qd2 Kh1 99. Kd7 Qf5+ 100. Kd8 Qf6 101. Kd7 g1Q 102. e8Q Qa7+ 103. Kc8 Qa8+ 104. Kd7 Qf5+ 105. Ke7 Qae4+ 106. Kd6 Qxe8 107. Qc1+ Kg2 108. Qd2+ Kh3 109. Qc3+ Kg4 110. Qd4+ Qf4+ 0-1

[Event "Titled Tuesday intern op 22nd Aug Early"]
[Site "Chess.com INT"]
[Date "2023.08.22"]
[Round "5"]
[White "Fernandez Garcia, Gumersindo"]
[Black "Gimenez Aguirre, Ismael Alejo"]
[Result "0-1"]
[WhiteElo "2162"]
[BlackElo "2185"]
[PlyCount "84"]
[EventDate "2023.08.22"]
[EventType "swiss (blitz)"]
[EventRounds "11"]
[EventCountry "USA"]
[SourceTitle "EXT 2024"]
[Source "ChessBase"]
[SourceDate "2023.10.10"]
[SourceVersion "1"]
[SourceVersionDate "2023.10.10"]
[SourceQuality "1"]

1. d4 Nf6 2. c4 e6 3. Nf3 Bb4+ 4. Bd2 a5 5. g3 b6 6. Bg2 Bb7 7. 0-0 0-0 8. Nc3 d5 9. cxd5 Nxd5 10. Nxd5 Bxd5 11. a3 Be7 12. Bc3 Nd7 13. e3 c5 14. dxc5 Nxc5 15. Nd4 Bxg2 16. Kxg2 Qd5+ 17. Qf3 Rfd8 18. Rfd1 Bf6 19. h4 Ne4 20. Ne2 Qf5 21. Qxf5 exf5 22. Bxf6 Nxf6 23. Nd4 g6 24. Rac1 Rac8 25. b4 axb4 26. axb4 Kg7 27. b5 Rc5 28. Ra1 Rd7 29. Rdb1 Ne4 30. Ra6 Rb7 31. Rba1 Nd6 32. Ra7 Rxa7 33. Rxa7 Kf6 34. Ra6 Nc4 35. Kf3 h6 36. Ke2 g5 37. hxg5+ hxg5 38. Kd3 Ne5+ 39. Ke2 Nd7 40. Ra7 Rd5 41. Rb7 Rd6 42. Kd3 Nc5+ 0-1

[Event "Titled Tuesday intern op 13th Jun Late"]
[Site "Chess.com INT"]
[Date "2023.06.13"]
[Round "9"]
[White "Pakleza, Zbigniew"]
[Black "Gimenez Aguirre, Ismael Alejo"]
[Result "0-1"]
[WhiteElo "2494"]
[BlackElo "2216"]
[PlyCount "150"]
[EventDate "2023.06.13"]
[EventType "swiss (blitz)"]
[EventRounds "11"]
[EventCountry "USA"]
[SourceTitle "EXT 2024"]
[Source "ChessBase"]
[SourceDate "2023.10.10"]
[SourceVersion "1"]
[SourceVersionDate "2023.10.10"]
[SourceQuality "1"]

1. d4 Nf6 2. Nf3 e6 3. Bf4 b5 4. e3 a6 5. h3 c5 6. Nbd2 Bb7 7. Be2 Nc6 8. 0-0 Be7 9. Bh2 0-0 10. c3 Rc8 11. a3 Qb6 12. Re1 cxd4 13. exd4 Rfd8 14. Bd3 d6 15. Qe2 Bf8 16. Bg3 Ne7 17. a4 Bc6 18. axb5 axb5 19. Ra2 Ned5 20. Ng5 h6 21. Nxf7 Rd7 22. Qxe6 Re8 23. Nxh6+ Kh8 24. Qxe8 Nxe8 25. Rxe8 gxh6 26. Rxf8+ Kg7 27. Rf3 Nf6 28. Re3 Bd5 29. Ra1 Qb7 30. Bh4 Nh5 31. Be4 Nf4 32. Rae1 Rf7 33. Rg3+ Kf8 34. Bxd5 Qxd5 35. Nf3 Qh5 36. Bd8 Nd3 37. Re2 Nc1 38. Re3 Qf5 39. Bc7 Qd7 40. Ba5 Qf5 41. Bb4 Qd5 42. Rg6 Rd7 43. Ree6 Qc4 44. Rxd6 Rxd6 45. Rxd6 Kf7 46. Kh2 Kg7 47. Ne5 Qe2 48. Rg6+ Kh7 49. Rg3 Qe1 50. Rf3 Ne2 51. h4 Qg1+ 52. Kh3 Qh1+ 53. Kg4 Qxg2+ 54. Kf5 Ng1 55. Rf4 Nh3 56. Rf3 Nxf2 57. Ke6 Nh3 58. Rf7+ Kg8 59. Rf6 Kh7 60. d5 Qg3 61. Rf7+ Kh8 62. d6 Nf4+ 63. Kd7 Qh3+ 64. Kc7 Nd5+ 65. Kc6 Nxb4+ 66. cxb4 Qc8+ 67. Kd5 Qa8+ 68. Nc6 Qa2+ 69. Kc5 Qxf7 70. Kxb5 Qd7 71. Kc5 Kg7 72. Ne5 Qc8+ 73. Kd5 Kf6 74. b5 Qe6+ 75. Kc6 Kxe5 0-1

[Event "ARG-ch sf 98th"]
[Site "Buenos Aires"]
[Date "2023.05.07"]
[Round "9"]
[White "Gimenez Aguirre, Ismael Alejo"]
[Black "De Lima, Adriano Gaspar"]
[Result "1/2-1/2"]
[WhiteElo "2273"]
[BlackElo "1830"]
[PlyCount "216"]
[EventDate "2023.04.29"]
[EventType "swiss"]
[EventRounds "9"]
[EventCountry "ARG"]
[SourceTitle "EXT 2024"]
[Source "ChessBase"]
[SourceDate "2023.10.10"]
[SourceVersion "1"]
[SourceVersionDate "2023.10.10"]
[SourceQuality "1"]

1. e4 e5 2. Nf3 Nf6 3. Nc3 Nc6 4. d4 d6 5. dxe5 Nxe5 6. Be2 Be7 7. 0-0 0-0 8. Nd4 Re8 9. f4 Nc6 10. Bf3 Nxd4 11. Qxd4 Nd7 12. Nd5 Bf8 13. Bd2 Nc5 14. Bc3 Ne6 15. Qd2 Nc5 16. Rae1 c6 17. Nb4 Na4 18. Kh1 Nxc3 19. Qxc3 Qa5 20. a3 Bd7 21. Qd3 Qb6 22. c4 Rad8 23. Qc2 Qd4 24. Rd1 Qf6 25. Nd3 Qh4 26. g3 Qh6 27. b4 Bc8 28. Qf2 b6 29. e5 Bb7 30. Qg2 d5 31. cxd5 cxd5 32. Ne1 Rd7 33. Nc2 Red8 34. Rd4 Qc6 35. Rfd1 Qc3 36. R1d2 a5 37. R4d3 Qc7 38. h4 axb4 39. axb4 g6 40. h5 Qc4 41. Rd4 Qb3 42. g4 Rc7 43. hxg6 hxg6 44. f5 Rc3 45. Ne1 Re3 46. Re2 Ba6 47. Rxe3 Qxe3 48. Nc2 Qxe5 49. fxg6 fxg6 50. g5 Be7 51. Qg4 Bc8 52. Qg2 Be6 53. Bg4 Bxg4 54. Qxg4 Kg7 55. Rd2 Qxg5 56. Qxg5 Bxg5 57. Rd3 Bf6 58. Ne3 d4 59. Nc4 b5 60. Na3 Rd5 61. Kg2 g5 62. Kf3 Kg6 63. Ke4 Rf5 64. Rg3 Rf4+ 65. Kd5 Kh5 66. Nxb5 Kh4 67. Rg1 d3 68. Nd6 d2 69. Ne4 Rf5+ 70. Kc4 Rf4 71. Kd3 Be7 72. b5 Bd8 73. Nxd2 Rb4 74. Nf3+ Kh5 75. Rh1+ Kg6 76. Ne5+ Kf5 77. Nc4 Kf4 78. Rf1+ Kg4 79. Ne3+ Kh4 80. Rf8 Rxb5 81. Rxd8 g4 82. Rg8 g3 83. Ke4 Rb4+ 84. Kf3 Rb6 85. Nd5 Rb3+ 86. Kf4 Kh3 87. Ne3 Kh2 88. Kf3 Ra3 89. Rg7 Rb3 90. Rg6 Ra3 91. Ke2 Ra2+ 92. Ke1 Ra1+ 93. Ke2 Ra2+ 94. Kd3 g2 95. Ng4+ Kh3 96. Ne5 Ra3+ 97. Ke2 Ra2+ 98. Ke3 Ra3+ 99. Kf4 Ra4+ 100. Kf5 Ra5 101. Ke4 Ra4+ 102. Ke3 Ra3+ 103. Nd3 Rxd3+ 104. Kxd3 Kh2 105. Rh6+ Kg3 106. Ke2 g1Q 107. Rg6+ Kh2 108. Rxg1 Kxg1 1/2-1/2

[Event "ARG-ch sf 98th"]
[Site "Buenos Aires"]
[Date "2023.05.06"]
[Round "8"]
[White "Menduni Gavarotto, Juliana Agosti"]
[Black "Gimenez Aguirre, Ismael Alejo"]
[Result "0-1"]
[WhiteElo "1665"]
[BlackElo "2273"]
[PlyCount "56"]
[EventDate "2023.04.29"]
[EventType "swiss"]
[EventRounds "9"]
[EventCountry "ARG"]
[SourceTitle "CBM 214 Extra"]
[Source "ChessBase"]
[SourceDate "2023.07.31"]
[SourceVersion "1"]
[SourceVersionDate "2023.07.31"]
[SourceQuality "1"]

1. d4 d5 2. Nf3 Nf6 3. e3 c5 4. Bd3 Nc6 5. b3 Bg4 6. Bb2 e6 7. Nbd2 Bd6 8. 0-0 Qc7 9. c4 cxd4 10. exd4 Bxh2+ 11. Kh1 Bf4 12. Qe1 0-0-0 13. Ne5 Nxe5 14. dxe5 Nh5 15. cxd5 Qe7 16. g3 Rxd5 17. Rc1+ Kb8 18. Rc4 Rxd3 19. gxf4 Qh4+ 20. Kg1 Rh3 21. Qe4 Bf3 22. Qxf3 Rxf3 23. Nxf3 Qg4+ 24. Kh2 Qxf3 25. Bc1 Rd8 26. Be3 g6 27. Rfc1 Ng7 28. Ra4 b6 0-1

[Event "ARG-ch sf 98th"]
[Site "Buenos Aires"]
[Date "2023.05.02"]
[Round "4"]
[White "Carrizo, Luciano Ariel"]
[Black "Gimenez Aguirre, Ismael Alejo"]
[Result "1-0"]
[WhiteElo "2048"]
[BlackElo "2273"]
[PlyCount "63"]
[EventDate "2023.04.29"]
[EventType "swiss"]
[EventRounds "9"]
[EventCountry "ARG"]
[SourceTitle "CBM 214 Extra"]
[Source "ChessBase"]
[SourceDate "2023.07.31"]
[SourceVersion "1"]
[SourceVersionDate "2023.07.31"]
[SourceQuality "1"]

1. e4 e6 2. d4 d5 3. Nd2 Nf6 4. e5 Nfd7 5. c3 c5 6. Bd3 Nc6 7. Ne2 Qb6 8. Nf3 Be7 9. 0-0 h6 10. b3 g5 11. Be3 f5 12. exf6 Nxf6 13. Bg6+ Kd8 14. c4 g4 15. Ne5 Rg8 16. Nf4 cxd4 17. Nxc6+ bxc6 18. Bxd4 Qc7 19. Be3 e5 20. Nxd5 cxd5 21. Bf7 d4 22. Bxg8 Nxg8 23. f4 gxf3 24. Qxf3 Bb7 25. Qf7 Kd7 26. Qf5+ Kc6 27. Bxd4 Bd6 28. Rae1 Re8 29. c5 Qd7 30. Qe4+ Kb5 31. Qe2+ Kc6 32. cxd6 1-0

[Event "ARG-ch sf 98th"]
[Site "Buenos Aires"]
[Date "2023.05.01"]
[Round "3"]
[White "Gimenez Aguirre, Ismael Alejo"]
[Black "Fiorito, Joaquin"]
[Result "0-1"]
[WhiteElo "2273"]
[BlackElo "2366"]
[PlyCount "76"]
[EventDate "2023.04.29"]
[EventType "swiss"]
[EventRounds "9"]
[EventCountry "ARG"]
[SourceTitle "CBM 214 Extra"]
[Source "ChessBase"]
[SourceDate "2023.07.31"]
[SourceVersion "1"]
[SourceVersionDate "2023.07.31"]
[SourceQuality "1"]

1. e4 c6 2. d4 d5 3. exd5 cxd5 4. c4 Nf6 5. Nc3 Nc6 6. Nf3 a6 7. cxd5 Nxd5 8. Bc4 e6 9. 0-0 Be7 10. h3 0-0 11. Re1 b5 12. Nxd5 bxc4 13. Nxe7+ Nxe7 14. Qa4 Bb7 15. Qxc4 Bxf3 16. gxf3 Nf5 17. d5 exd5 18. Qg4 g6 19. Bg5 Qb6 20. b3 Rfe8 21. Qa4 Rec8 22. Rad1 d4 23. Rd3 h6 24. Bf4 Qf6 25. Re4 Qh4 26. Kg2 Rc2 27. Rd2 Rxd2 28. Bxd2 Qd8 29. Qc6 a5 30. a4 Rb8 31. Kf1 Kg7 32. h4 Rxb3 33. Bf4 Nxh4 34. Be5+ Kh7 35. Rxd4 Qg5 36. f4 Rb1+ 37. Ke2 Qg4+ 38. Kd2 Qd1+ 0-1

[Event "Titled Tuesday intern op 14th Feb Early"]
[Site "Chess.com INT"]
[Date "2023.02.14"]
[Round "6"]
[White "Aalto, Patrik"]
[Black "Gimenez Aguirre, Ismael Alejo"]
[Result "0-1"]
[WhiteElo "2193"]
[BlackElo "2273"]
[PlyCount "52"]
[EventDate "2023.02.14"]
[EventType "swiss (blitz)"]
[EventRounds "11"]
[EventCountry "USA"]
[SourceTitle "CBM 212 Extra"]
[Source "ChessBase"]
[SourceDate "2023.03.31"]
[SourceVersion "1"]
[SourceVersionDate "2023.03.31"]
[SourceQuality "1"]

1. Nf3 d5 2. g3 c6 3. Bg2 Nd7 4. d4 g6 5. 0-0 Bg7 6. c3 e5 7. dxe5 Nxe5 8. Nxe5 Bxe5 9. e4 d4 10. f4 Bg7 11. e5 c5 12. cxd4 cxd4 13. Qa4+ Qd7 14. Qxd7+ Bxd7 15. Bxb7 Rb8 16. Be4 f6 17. exf6 Nxf6 18. Bd3 0-0 19. Nd2 Rfe8 20. Nb3 Bh3 21. Rd1 Bg4 22. Rd2 Re1+ 23. Kf2 Rbe8 24. Nxd4 Bh3 25. g4 R8e3 26. Bc4+ Kh8 0-1

[Event "Titled Tuesday intern op 14th Feb Early"]
[Site "Chess.com INT"]
[Date "2023.02.14"]
[Round "9"]
[White "Gimenez Aguirre, Ismael Alejo"]
[Black "Kanyamarala, Trisha"]
[Result "1-0"]
[WhiteElo "2273"]
[BlackElo "2278"]
[PlyCount "77"]
[EventDate "2023.02.14"]
[EventType "swiss (blitz)"]
[EventRounds "11"]
[EventCountry "USA"]
[SourceTitle "CBM 212 Extra"]
[Source "ChessBase"]
[SourceDate "2023.03.31"]
[SourceVersion "1"]
[SourceVersionDate "2023.03.31"]
[SourceQuality "1"]

1. e4 c5 2. Nf3 d6 3. d4 cxd4 4. Nxd4 Nf6 5. Nc3 Nc6 6. Bc4 e6 7. Be3 Be7 8. Bb3 0-0 9. f3 a6 10. Qd2 Na5 11. g4 b5 12. 0-0-0 Nc4 13. Bxc4 bxc4 14. Nc6 Qc7 15. Nxe7+ Qxe7 16. Qxd6 Qb7 17. g5 Nd7 18. Rd4 Rb8 19. Nd1 Nb6 20. Qb4 a5 21. Qxa5 Ra8 22. Qb4 Rxa2 23. Rd6 Ra1+ 24. Kd2 Na8 25. Qxb7 Bxb7 26. Bd4 Nc7 27. Rd7 Nb5 28. Bc5 Bc6 29. Bxf8 Bxd7 30. Bc5 Bc6 31. Re1 Rb1 32. Ne3 Rxb2 33. Nxc4 Ra2 34. Rb1 h6 35. gxh6 g6 36. Ne5 Be8 37. Ng4 Bc6 38. Nf6+ Kh8 39. Bf8 1-0

[Event "Titled Tuesday intern op 14th Feb Early"]
[Site "Chess.com INT"]
[Date "2023.02.14"]
[Round "11"]
[White "Gimenez Aguirre, Ismael Alejo"]
[Black "Klabis, Rokas"]
[Result "1-0"]
[WhiteElo "2273"]
[BlackElo "2396"]
[PlyCount "47"]
[EventDate "2023.02.14"]
[EventType "swiss (blitz)"]
[EventRounds "11"]
[EventCountry "USA"]
[SourceTitle "CBM 212 Extra"]
[Source "ChessBase"]
[SourceDate "2023.03.31"]
[SourceVersion "1"]
[SourceVersionDate "2023.03.31"]
[SourceQuality "1"]

1. e4 e5 2. Nf3 Nc6 3. Bb5 g6 4. 0-0 Bg7 5. Re1 a6 6. Ba4 b5 7. Bb3 Nf6 8. h3 0-0 9. c3 d6 10. d4 exd4 11. cxd4 Na5 12. Bc2 c5 13. Nc3 Re8 14. a3 Bb7 15. Bg5 h6 16. Bh4 Nc4 17. Qb1 g5 18. Bg3 Nh5 19. dxc5 Nxg3 20. fxg3 dxc5 21. Bb3 Nd2 22. Nxd2 Qxd2 23. Qc1 c4 24. Qxd2 1-0